NBA top 1000 regular seasons - Statistics

General Stats
  • This quiz has been taken 269 times
    268 since last reset
  • The average score is 700 of 1000
Answer Stats
RANK Player PSPPG Season Team Pos % Correct
139 Jerry West 50.74 1970 LAL PG
96%
145 Jerry West 50.61 1966 LAL SG
96%
180 Jerry West 49.43 1972 LAL PG
96%
181 Jerry West 49.40 1962 LAL PG
96%
230 Jerry West 48.15 1967 LAL PG
96%
356 Jerry West 45.88 1964 LAL PG
96%
40 LeBron James 56.79 2010 CLE SF
96%
43 LeBron James 56.60 2018 CLE PF
96%
60 LeBron James 55.19 2008 CLE SF
96%
71 LeBron James 54.34 2017 CLE SF
96%
76 LeBron James 53.99 2006 CLE SF
96%
83 LeBron James 53.35 2009 CLE SF
96%
104 LeBron James 51.89 2013 MIA PF
96%
109 LeBron James 51.83 2005 CLE SF
96%
125 LeBron James 51.34 2024 LAL PF
96%
155 LeBron James 50.23 2012 MIA SF
96%
205 LeBron James 48.64 2014 MIA PF
96%
864 LeBron James 40.56 2004 CLE SG
96%
20 Michael Jordan 60.30 1989 CHI SG
96%
39 Michael Jordan 57.04 1988 CHI SG
96%
44 Michael Jordan 56.55 1990 CHI SG
96%
51 Michael Jordan 55.93 1987 CHI SG
96%
78 Michael Jordan 53.86 1993 CHI SG
96%
97 Michael Jordan 52.24 1991 CHI SG
96%
106 Michael Jordan 51.88 1992 CHI SG
96%
172 Michael Jordan 49.68 1985 CHI SG
96%
223 Michael Jordan 48.29 1996 CHI SG
96%
322 Michael Jordan 46.35 1997 CHI SG
96%
523 Michael Jordan 43.71 1998 CHI SG
96%
835 Michael Jordan 40.75 2002 WAS SF
96%
2 Wilt Chamberlain 76.03 1963 SFW C
96%
3 Wilt Chamberlain 69.34 1961 PHW C
96%
4 Wilt Chamberlain 69.26 1964 SFW C
96%
6 Wilt Chamberlain 68.61 1966 PHI C
96%
8 Wilt Chamberlain 65.22 1968 PHI C
96%
12 Wilt Chamberlain 64.48 1965 SFW,PHI C
96%
140 Wilt Chamberlain 50.72 1969 LAL C
96%
838 Wilt Chamberlain 40.73 1973 LAL C
96%
295 Jerry West 46.85 1965 LAL PG
95%
18 Kareem Abdul-Jabbar 60.59 1972 MIL C
95%
21 Kareem Abdul-Jabbar 60.26 1976 LAL C
95%
45 Kareem Abdul-Jabbar 56.40 1975 MIL C
95%
47 Kareem Abdul-Jabbar 56.24 1973 MIL C
95%
72 Kareem Abdul-Jabbar 54.28 1971 MIL C
95%
100 Kareem Abdul-Jabbar 52.05 1978 LAL C
95%
113 Kareem Abdul-Jabbar 51.73 1977 LAL C
95%
196 Kareem Abdul-Jabbar 49.06 1980 LAL C
95%
297 Kareem Abdul-Jabbar 46.84 1981 LAL C
95%
686 Kareem Abdul-Jabbar 42.07 1982 LAL C
95%
93 Kevin Durant 52.38 2014 OKC SF
95%
211 Kevin Durant 48.53 2016 OKC SF
95%
233 Kevin Durant 48.01 2013 OKC SF
95%
317 Kevin Durant 46.43 2018 GSW SF
95%
352 Kevin Durant 45.91 2024 PHO PF
95%
354 Kevin Durant 45.90 2019 GSW SF
95%
364 Kevin Durant 45.77 2010 OKC SF
95%
374 Kevin Durant 45.69 2017 GSW PF
95%
384 Kevin Durant 45.52 2012 OKC SF
95%
682 Kevin Durant 42.13 2011 OKC SF
95%
59 LeBron James 55.30 2020 LAL PG
95%
150 LeBron James 50.42 2011 MIA SF
95%
214 LeBron James 48.44 2007 CLE SF
95%
215 LeBron James 48.39 2015 CLE SF
95%
226 LeBron James 48.24 2016 CLE SF
95%
9 Russell Westbrook 65.00 2017 OKC PG
95%
24 Russell Westbrook 58.97 2021 WAS PG
95%
34 Russell Westbrook 57.88 2019 OKC PG
95%
63 Russell Westbrook 54.87 2015 OKC PG
95%
127 Russell Westbrook 51.21 2020 HOU PG
95%
398 Russell Westbrook 45.29 2013 OKC PG
95%
412 Russell Westbrook 45.09 2011 OKC PG
95%
784 Russell Westbrook 41.23 2022 LAL PG
95%
787 Russell Westbrook 41.15 2012 OKC PG
95%
1 Wilt Chamberlain 80.81 1962 PHW C
95%
5 Wilt Chamberlain 69.22 1960 PHW C
95%
13 Wilt Chamberlain 63.86 1967 PHI C
95%
261 Wilt Chamberlain 47.48 1971 LAL C
95%
692 Wilt Chamberlain 41.99 1972 LAL C
95%
16 James Harden 61.58 2017 HOU PG
94%
19 James Harden 60.56 2019 HOU PG
94%
28 James Harden 58.68 2020 HOU SG
94%
55 James Harden 55.78 2018 HOU SG
94%
94 James Harden 52.33 2016 HOU SG
94%
156 James Harden 50.14 2023 PHI PG
94%
174 James Harden 49.63 2015 HOU SG
94%
441 James Harden 44.77 2013 HOU SG
94%
479 James Harden 44.26 2014 HOU SG
94%
859 James Harden 40.60 2024 LAC PG
94%
50 Kareem Abdul-Jabbar 56.00 1974 MIL C
94%
96 Kareem Abdul-Jabbar 52.28 1979 LAL C
94%
119 Kareem Abdul-Jabbar 51.52 1970 MIL C
94%
11 Luka Doncic 64.66 2024 DAL PG
94%
26 Luka Doncic 58.91 2023 DAL PG
94%
38 Luka Doncic 57.11 2020 DAL PG
94%
659 Luka Doncic 42.35 2019 DAL SG
94%
29 Magic Johnson 58.09 1989 LAL PG
94%
41 Magic Johnson 56.76 1987 LAL PG
94%
74 Magic Johnson 54.01 1990 LAL PG
94%
75 Magic Johnson 54.00 1984 LAL PG
94%
89 Magic Johnson 52.90 1991 LAL PG
94%
116 Magic Johnson 51.71 1986 LAL PG
94%
123 Magic Johnson 51.39 1988 LAL PG
94%
187 Magic Johnson 49.24 1983 LAL SG
94%
567 Magic Johnson 43.34 1980 LAL SG
94%
31 Russell Westbrook 57.99 2018 OKC PG
94%
68 Russell Westbrook 54.44 2016 OKC PG
94%
99 James Harden 52.06 2022 BRK,PHI PG
93%
42 Luka Doncic 56.72 2022 DAL PG
93%
120 Magic Johnson 51.51 1981 LAL SG
93%
152 Magic Johnson 50.33 1982 LAL SG
93%
46 Giannis Antetokounmpo 56.32 2020 MIL PF
92%
52 Giannis Antetokounmpo 55.90 2023 MIL PF
92%
84 Giannis Antetokounmpo 53.23 2021 MIL PF
92%
182 Giannis Antetokounmpo 49.39 2018 MIL PF
92%
73 Joel Embiid 54.23 2023 PHI C
92%
85 Joel Embiid 53.22 2022 PHI C
92%
130 Joel Embiid 51.06 2019 PHI C
92%
288 Joel Embiid 47.04 2021 PHI C
92%
643 Joel Embiid 42.60 2018 PHI C
92%
103 Kobe Bryant 51.93 2006 LAL SG
92%
117 Kobe Bryant 51.65 2003 LAL SG
92%
162 Kobe Bryant 49.90 2007 LAL SG
92%
250 Kobe Bryant 47.72 2008 LAL SG
92%
306 Kobe Bryant 46.62 2001 LAL SG
92%
308 Kobe Bryant 46.60 2013 LAL SG
92%
486 Kobe Bryant 44.16 2010 LAL SG
92%
532 Kobe Bryant 43.61 2002 LAL SG
92%
718 Kobe Bryant 41.78 2004 LAL SG
92%
791 Kobe Bryant 41.14 2000 LAL SG
92%
69 Luka Doncic 54.41 2021 DAL PG
92%
124 Magic Johnson 51.38 1985 LAL PG
92%
25 Nikola Jokic 58.96 2022 DEN C
92%
27 Nikola Jokic 58.90 2024 DEN C
92%
33 Nikola Jokic 57.93 2023 DEN C
92%
54 Nikola Jokic 55.82 2021 DEN C
92%
267 Nikola Jokic 47.40 2019 DEN C
92%
386 Nikola Jokic 45.48 2020 DEN C
92%
555 Nikola Jokic 43.40 2018 DEN C
92%
14 Oscar Robertson 63.28 1964 CIN PG
92%
17 Oscar Robertson 61.29 1966 CIN PG
92%
22 Oscar Robertson 60.01 1961 CIN PG
92%
30 Oscar Robertson 58.08 1967 CIN PG
92%
35 Oscar Robertson 57.69 1963 CIN PG
92%
67 Oscar Robertson 54.66 1968 CIN PG
92%
748 Oscar Robertson 41.57 1971 MIL PG
92%
70 Shaquille O'Neal 54.37 2000 LAL C
92%
95 Shaquille O'Neal 52.30 2001 LAL C
92%
128 Shaquille O'Neal 51.19 1994 ORL C
92%
178 Shaquille O'Neal 49.48 1995 ORL C
92%
202 Shaquille O'Neal 48.76 1997 LAL C
92%
254 Shaquille O'Neal 47.64 2003 LAL C
92%
263 Shaquille O'Neal 47.45 1998 LAL C
92%
314 Shaquille O'Neal 46.49 2002 LAL C
92%
337 Shaquille O'Neal 46.09 1996 ORL C
92%
402 Shaquille O'Neal 45.25 1993 ORL C
92%
492 Shaquille O'Neal 44.08 1999 LAL C
92%
717 Shaquille O'Neal 41.79 2004 LAL C
92%
744 Shaquille O'Neal 41.59 2005 MIA C
92%
591 Alvin Robertson 43.10 1988 SAS SG
91%
36 Giannis Antetokounmpo 57.27 2024 MIL PF
91%
56 Giannis Antetokounmpo 55.51 2022 MIL PF
91%
66 Giannis Antetokounmpo 54.75 2019 MIL PF
91%
344 Giannis Antetokounmpo 46.03 2017 MIL SF
91%
252 Kobe Bryant 47.67 2005 LAL SG
91%
511 Kobe Bryant 43.86 2012 LAL SG
91%
522 Kobe Bryant 43.72 2009 LAL SG
91%
776 Kobe Bryant 41.27 2011 LAL SG
91%
57 Larry Bird 55.34 1987 BOS SF
91%
58 Larry Bird 55.33 1985 BOS SF
91%
133 Larry Bird 50.97 1990 BOS SF
91%
158 Larry Bird 50.09 1984 BOS PF
91%
355 Larry Bird 45.88 1981 BOS PF
91%
420 Larry Bird 45.02 1991 BOS SF
91%
595 Larry Bird 43.09 1980 BOS PF
91%
7 Oscar Robertson 66.01 1962 CIN PG
91%
15 Oscar Robertson 62.33 1965 CIN PG
91%
142 Oscar Robertson 50.65 1969 CIN PG
91%
129 Stephen Curry 51.18 2016 GSW PG
91%
151 Stephen Curry 50.33 2021 GSW PG
91%
369 Stephen Curry 45.73 2015 GSW PG
91%
415 Stephen Curry 45.05 2017 GSW PG
91%
421 Stephen Curry 45.02 2022 GSW PG
91%
648 Stephen Curry 42.51 2013 GSW PG
91%
672 Stephen Curry 42.24 2024 GSW PG
91%
82 Chris Paul 53.35 2009 NOH PG
90%
269 Chris Paul 47.37 2014 LAC PG
90%
309 Chris Paul 46.58 2010 NOH PG
90%
332 Chris Paul 46.18 2015 LAC PG
90%
353 Chris Paul 45.91 2016 LAC PG
90%
496 Chris Paul 44.07 2012 LAC PG
90%
531 Chris Paul 43.62 2017 LAC PG
90%
641 Chris Paul 42.61 2013 LAC PG
90%
702 Chris Paul 41.90 2011 NOH PG
90%
370 Kyrie Irving 45.72 2021 BRK PG
90%
422 Kyrie Irving 45.00 2023 BRK,DAL PG,SG
90%
451 Kyrie Irving 44.72 2019 BOS PG
90%
637 Kyrie Irving 42.71 2024 DAL SG
90%
754 Kyrie Irving 41.51 2017 CLE PG
90%
962 Kyrie Irving 39.85 2013 CLE PG
90%
970 Kyrie Irving 39.78 2018 BOS PG
90%
77 Larry Bird 53.87 1988 BOS SF
90%
108 Larry Bird 51.84 1986 BOS SF
90%
197 Larry Bird 49.01 1983 BOS PF
90%
232 Larry Bird 48.06 1982 BOS PF
90%
278 Stephen Curry 47.19 2014 GSW PG
90%
442 Stephen Curry 44.77 2019 GSW PG
90%
134 Chris Paul 50.95 2008 NOH PG
89%
618 Chris Paul 42.86 2022 PHO PG
89%
726 Chris Paul 41.69 2018 HOU PG
89%
773 Chris Paul 41.30 2007 NOK PG
89%
896 Chris Paul 40.33 2021 PHO PG
89%
91 Damian Lillard 52.78 2023 POR PG
89%
186 Damian Lillard 49.25 2021 POR PG
89%
349 Damian Lillard 45.93 2018 POR PG
89%
362 Damian Lillard 45.78 2019 POR PG
89%
501 Damian Lillard 43.97 2016 POR PG
89%
513 Damian Lillard 43.85 2024 MIL PG
89%
135 Hakeem Olajuwon 50.90 1995 HOU C
89%
137 Hakeem Olajuwon 50.76 1990 HOU C
89%
183 Hakeem Olajuwon 49.36 1996 HOU C
89%
238 Hakeem Olajuwon 47.95 1989 HOU C
89%
347 Hakeem Olajuwon 45.96 1987 HOU C
89%
368 Hakeem Olajuwon 45.73 1991 HOU C
89%
473 Hakeem Olajuwon 44.37 1986 HOU C
89%
478 Hakeem Olajuwon 44.29 1992 HOU C
89%
509 Hakeem Olajuwon 43.87 1988 HOU C
89%
679 Hakeem Olajuwon 42.15 1997 HOU C
89%
268 Julius Erving 47.38 1980 PHI SF
89%
393 Julius Erving 45.35 1981 PHI SF
89%
621 Julius Erving 42.85 1982 PHI SF
89%
650 Julius Erving 42.49 1979 PHI SF
89%
807 Julius Erving 41.00 1984 PHI SF
89%
265 Anthony Davis 47.44 2017 NOP C
88%
560 Anthony Davis 43.38 2015 NOP PF
88%
727 Anthony Davis 41.69 2016 NOP C
88%
122 Bill Russell 51.42 1962 BOS C
88%
169 Bill Russell 49.76 1960 BOS C
88%
184 Bill Russell 49.33 1963 BOS C
88%
188 Bill Russell 49.21 1964 BOS C
88%
248 Bill Russell 47.77 1961 BOS C
88%
350 Bill Russell 45.91 1967 BOS C
88%
405 Bill Russell 45.21 1966 BOS C
88%
413 Bill Russell 45.07 1958 BOS C
88%
114 Damian Lillard 51.73 2020 POR PG
88%
436 Damian Lillard 44.80 2017 POR PG
88%
98 Hakeem Olajuwon 52.22 1993 HOU C
88%
115 Hakeem Olajuwon 51.73 1994 HOU C
88%
464 Isaiah Thomas 44.51 2017 BOS PG
88%
49 Isiah Thomas 56.04 1985 DET PG
88%
147 Isiah Thomas 50.49 1984 DET PG
88%
210 Isiah Thomas 48.53 1986 DET PG
88%
299 Isiah Thomas 46.78 1987 DET PG
88%
388 Isiah Thomas 45.41 1983 DET PG
88%
599 Isiah Thomas 43.06 1990 DET PG
88%
930 Isiah Thomas 40.13 1989 DET PG
88%
958 Isiah Thomas 39.85 1991 DET PG
88%
824 Julius Erving 40.84 1977 PHI SF
88%
200 Tim Duncan 48.89 2002 SAS PF
88%
257 Tim Duncan 47.54 2003 SAS PF
88%
418 Tim Duncan 45.04 2000 SAS PF
88%
465 Tim Duncan 44.49 2004 SAS PF
88%
535 Tim Duncan 43.52 2001 SAS PF
88%
765 Tim Duncan 41.36 1999 SAS PF
88%
925 Tim Duncan 40.17 2005 SAS PF
88%
86 Allen Iverson 53.10 2006 PHI PG
87%
87 Allen Iverson 53.09 2005 PHI PG
87%
160 Allen Iverson 49.92 2002 PHI SG
87%
338 Allen Iverson 46.08 2004 PHI SG
87%
365 Allen Iverson 45.76 2003 PHI SG
87%
366 Allen Iverson 45.75 2007 DEN,PHI SG,PG
87%
427 Allen Iverson 44.92 1997 PHI PG
87%
520 Allen Iverson 43.73 2000 PHI SG
87%
868 Allen Iverson 40.54 1998 PHI PG
87%
235 Anthony Davis 47.97 2018 NOP PF
87%
245 Anthony Davis 47.87 2024 LAL C
87%
376 Anthony Davis 45.63 2020 LAL PF
87%
432 Baron Davis 44.87 2004 NOH PG
87%
582 Baron Davis 43.21 2007 GSW PG
87%
687 Baron Davis 42.05 2002 CHH PG
87%
695 Baron Davis 41.96 2006 GSW PG
87%
203 Bill Russell 48.72 1965 BOS C
87%
341 Bill Russell 46.06 1959 BOS C
87%
908 Bill Russell 40.28 1968 BOS C
87%
968 Campy Russell 39.80 1979 CLE SF
87%
886 D'Angelo Russell 40.41 2019 BRK PG
87%
62 David Robinson 55.05 1994 SAS C
87%
189 David Robinson 49.17 1995 SAS C
87%
191 David Robinson 49.11 1991 SAS C
87%
243 David Robinson 47.89 1996 SAS C
87%
259 David Robinson 47.53 1992 SAS C
87%
283 David Robinson 47.13 1993 SAS C
87%
357 David Robinson 45.87 1990 SAS C
87%
790 David Robinson 41.14 1998 SAS C
87%
81 Dwyane Wade 53.68 2009 MIA SG
87%
529 Dwyane Wade 43.63 2011 MIA SG
87%
743 Isiah Thomas 41.59 1988 DET PG
87%
171 Karl Malone 49.68 1990 UTA PF
87%
179 Karl Malone 49.48 1991 UTA PF
87%
222 Karl Malone 48.30 1993 UTA PF
87%
244 Karl Malone 47.89 1989 UTA PF
87%
251 Karl Malone 47.68 1994 UTA PF
87%
279 Karl Malone 47.19 1998 UTA PF
87%
280 Karl Malone 47.19 1992 UTA PF
87%
311 Karl Malone 46.57 1988 UTA PF
87%
328 Karl Malone 46.27 1996 UTA PF
87%
476 Karl Malone 44.29 2000 UTA PF
87%
575 Karl Malone 43.24 1999 UTA PF
87%
669 Karl Malone 42.27 2001 UTA PF
87%
684 Karl Malone 42.09 2002 UTA PF
87%
974 Karl Malone 39.75 2003 UTA PF
87%
112 Kevin Garnett 51.73 2004 MIN PF
87%
121 Kevin Garnett 51.43 2003 MIN PF
87%
163 Kevin Garnett 49.88 2005 MIN PF
87%
253 Kevin Garnett 47.67 2000 MIN PF
87%
315 Kevin Garnett 46.46 2001 MIN PF
87%
316 Kevin Garnett 46.43 2002 MIN PF
87%
326 Kevin Garnett 46.32 2007 MIN PF
87%
390 Kevin Garnett 45.38 2006 MIN PF
87%
579 Kevin Garnett 43.21 1999 MIN PF
87%
932 Kevin Garnett 40.11 1998 MIN PF
87%
225 Kevin Johnson 48.27 1991 PHO PG
87%
302 Kevin Johnson 46.65 1992 PHO PG
87%
497 Kevin Johnson 44.04 1997 PHO PG
87%
536 Kevin Johnson 43.52 1994 PHO PG
87%
676 Larry Johnson 42.20 1993 CHH PF
87%
696 Marques Johnson 41.96 1979 MIL SF
87%
111 Moses Malone 51.77 1982 HOU C
87%
198 Moses Malone 48.96 1981 HOU C
87%
217 Moses Malone 48.38 1979 HOU C
87%
329 Moses Malone 46.22 1980 HOU C
87%
385 Moses Malone 45.51 1983 PHI C
87%
568 Moses Malone 43.32 1985 PHI C
87%
774 Moses Malone 41.30 1984 PHI C
87%
960 Moses Malone 39.85 1986 PHI C
87%
729 Tim Duncan 41.67 1998 SAS PF
87%
860 Tim Duncan 40.59 2007 SAS C
87%
79 Trae Young 53.77 2020 ATL PG
87%
92 Trae Young 52.53 2022 ATL PG
87%
942 Trae Young 40.04 2019 ATL PG
87%
468 Truck Robinson 44.44 1978 NOJ PF
87%
292 Allen Iverson 46.87 2001 PHI SG
86%
367 Allen Iverson 45.74 2008 DEN SG
86%
558 Allen Iverson 43.40 1999 PHI SG
86%
459 Baron Davis 44.59 2008 GSW PG
86%
195 Dwyane Wade 49.07 2006 MIA SG
86%
271 Dwyane Wade 47.32 2010 MIA SG
86%
391 Dwyane Wade 45.38 2005 MIA SG
86%
164 Jayson Tatum 49.82 2023 BOS SF
86%
392 Jayson Tatum 45.36 2022 BOS SF
86%
294 Karl Malone 46.85 1995 UTA PF
86%
131 Kevin Johnson 51.00 1989 PHO PG
86%
629 Kevin Johnson 42.80 1996 PHO PG
86%
834 Moses Malone 40.75 1987 WSB C
86%
320 Jayson Tatum 46.41 2024 BOS PF
85%
490 Jayson Tatum 44.09 2021 BOS SF
85%
228 Karl Malone 48.23 1997 UTA PF
85%
148 Kevin Johnson 50.49 1990 PHO PG
85%
141 Trae Young 50.71 2023 ATL PG
85%
193 Trae Young 49.08 2021 ATL PG
85%
149 Charles Barkley 50.46 1993 PHO PF
84%
461 Charles Barkley 44.56 1996 PHO PF
84%
467 Charles Barkley 44.47 1995 PHO PF
84%
470 Charles Barkley 44.39 1986 PHI PF
84%
500 Charles Barkley 43.98 1994 PHO PF
84%
126 John Wall 51.27 2017 WAS PG
84%
239 John Wall 47.95 2016 WAS PG
84%
956 John Wall 39.88 2011 WAS PG
84%
698 Paul George 41.93 2021 LAC SF
84%
881 Paul George 40.44 2016 IND SF
84%
170 Shai Gilgeous-Alexander 49.75 2023 OKC PG
84%
430 Steve Nash 44.90 2006 PHO PG
84%
614 Steve Nash 42.88 2005 PHO PG
84%
652 Steve Nash 42.46 2010 PHO PG
84%
724 Steve Nash 41.71 2011 PHO PG
84%
208 Bradley Beal 48.61 2020 WAS SG
83%
219 Charles Barkley 48.36 1991 PHI SF
83%
445 Charles Barkley 44.75 1992 PHI SF
83%
516 Charles Barkley 43.81 1997 HOU PF
83%
462 John Wall 44.56 2015 WAS PG
83%
324 Kawhi Leonard 46.33 2020 LAC SF
83%
528 Kawhi Leonard 43.63 2021 LAC SF
83%
635 Kawhi Leonard 42.72 2019 TOR SF
83%
818 Kawhi Leonard 40.89 2017 SAS SF
83%
1000 Kawhi Leonard 39.51 2024 LAC SF
83%
201 Patrick Ewing 48.89 1990 NYK C
83%
236 Patrick Ewing 47.96 1991 NYK C
83%
485 Patrick Ewing 44.16 1994 NYK C
83%
587 Patrick Ewing 43.12 1992 NYK C
83%
854 Patrick Ewing 40.64 1996 NYK C
83%
880 Patrick Ewing 40.45 1997 NYK C
83%
284 Paul George 47.10 2019 OKC SF
83%
321 Bradley Beal 46.37 2021 WAS SG
82%
521 Bradley Beal 43.72 2019 WAS SG
82%
144 Charles Barkley 50.63 1987 PHI PF
82%
194 Charles Barkley 49.08 1988 PHI PF
82%
199 Charles Barkley 48.94 1989 PHI PF
82%
289 Charles Barkley 46.96 1990 PHI SF
82%
454 Dirk Nowitzki 44.68 2005 DAL PF
82%
553 Dirk Nowitzki 43.41 2003 DAL PF
82%
617 Dirk Nowitzki 42.86 2006 DAL PF
82%
733 Dirk Nowitzki 41.65 2007 DAL PF
82%
852 Dirk Nowitzki 40.65 2009 DAL PF
82%
954 Dirk Nowitzki 39.90 2010 DAL PF
82%
132 Domantas Sabonis 50.99 2024 SAC C
82%
274 Domantas Sabonis 47.25 2023 SAC C
82%
625 Domantas Sabonis 42.82 2022 IND,SAC PF
82%
177 Ja Morant 49.52 2023 MEM PG
82%
118 John Stockton 51.56 1991 UTA PG
82%
138 John Stockton 50.74 1989 UTA PG
82%
165 John Stockton 49.82 1992 UTA PG
82%
414 John Stockton 45.06 1995 UTA PG
82%
444 John Stockton 44.76 1993 UTA PG
82%
721 John Stockton 41.73 1996 UTA PG
82%
889 John Stockton 40.39 1997 UTA PG
82%
574 John Wall 43.26 2014 WAS PG
82%
593 Patrick Ewing 43.09 1995 NYK C
82%
606 Patrick Ewing 42.91 1993 NYK C
82%
737 Patrick Ewing 41.61 1989 NYK C
82%
136 Shai Gilgeous-Alexander 50.88 2024 OKC PG
82%
330 Steve Nash 46.21 2007 PHO PG
82%
569 Steve Nash 43.30 2008 PHO PG
82%
853 Dirk Nowitzki 40.65 2008 DAL PF
81%
894 Dirk Nowitzki 40.34 2002 DAL C
81%
266 Domantas Sabonis 47.44 2021 IND PF
81%
677 Domantas Sabonis 42.18 2020 IND PF
81%
10 Elgin Baylor 64.75 1961 LAL SF
81%
88 Elgin Baylor 53.00 1960 MNL SF
81%
231 Elgin Baylor 48.09 1959 MNL SF
81%
256 Elgin Baylor 47.55 1965 LAL SF
81%
264 Elgin Baylor 47.44 1968 LAL SF
81%
325 Elgin Baylor 46.32 1964 LAL SF
81%
339 Elgin Baylor 46.08 1969 LAL SF
81%
380 Elgin Baylor 45.57 1967 LAL SF
81%
107 John Stockton 51.85 1990 UTA PG
81%
229 John Stockton 48.23 1988 UTA PG
81%
340 John Stockton 46.06 1994 UTA PG
81%
101 Tracy McGrady 52.00 2003 ORL SG
81%
286 Tracy McGrady 47.09 2004 ORL SG
81%
312 Tracy McGrady 46.54 2002 ORL SG
81%
313 Tracy McGrady 46.53 2001 ORL SG
81%
363 Tracy McGrady 45.77 2005 HOU SF
81%
455 Tracy McGrady 44.63 2007 HOU SG
81%
948 Tracy McGrady 39.97 2008 HOU SG
81%
546 David Thompson 43.46 1978 DEN SG
80%
32 Elgin Baylor 57.96 1963 LAL SF
80%
146 Gary Payton 50.56 2000 SEA PG
80%
318 Gary Payton 46.42 1999 SEA PG
80%
358 Gary Payton 45.84 2001 SEA PG
80%
586 Gary Payton 43.16 1997 SEA PG
80%
594 Gary Payton 43.09 2003 SEA,MIL PG
80%
747 Gary Payton 41.58 1996 SEA PG
80%
819 Gary Payton 40.89 1995 SEA PG
80%
700 Jaylen Brown 41.91 2023 BOS SF
80%
343 Karl-Anthony Towns 46.03 2019 MIN C
80%
450 Karl-Anthony Towns 44.72 2017 MIN C
80%
519 Karl-Anthony Towns 43.76 2022 MIN C
80%
855 Karl-Anthony Towns 40.63 2018 MIN C
80%
371 Scottie Pippen 45.71 1994 CHI SF
80%
506 Scottie Pippen 43.92 1995 CHI SF
80%
708 Scottie Pippen 41.86 1993 CHI SF
80%
803 Scottie Pippen 41.02 1991 CHI SF
80%
874 Scottie Pippen 40.49 1997 CHI SF
80%
937 Scottie Pippen 40.08 1996 CHI SF
80%
488 Carmelo Anthony 44.15 2007 DEN SF
79%
526 Carmelo Anthony 43.69 2014 NYK PF
79%
704 Carmelo Anthony 41.88 2013 NYK PF
79%
738 Carmelo Anthony 41.61 2008 DEN SF
79%
931 Carmelo Anthony 40.12 2011 DEN,NYK SF
79%
914 David Thompson 40.24 1977 DEN SG
79%
810 DeMar DeRozan 40.97 2023 CHI SF
79%
845 DeMar DeRozan 40.68 2024 CHI SF
79%
929 DeMar DeRozan 40.13 2020 SAS SF
79%
293 Gary Payton 46.85 2002 SEA PG
79%
630 Gary Payton 42.78 1998 SEA PG
79%
327 Karl-Anthony Towns 46.28 2021 MIN C
79%
375 Scottie Pippen 45.63 1992 CHI SF
79%
613 Carmelo Anthony 42.88 2010 DEN SF
78%
159 Clyde Drexler 50.06 1989 POR SG
78%
227 Clyde Drexler 48.23 1988 POR SG
78%
247 Clyde Drexler 47.83 1992 POR SG
78%
404 Clyde Drexler 45.21 1987 POR SG
78%
437 Clyde Drexler 44.79 1990 POR SG
78%
564 Clyde Drexler 43.37 1986 POR SG
78%
634 Clyde Drexler 42.72 1991 POR SG
78%
419 De'Aaron Fox 45.03 2021 SAC PG
78%
429 De'Aaron Fox 44.91 2024 SAC PG
78%
609 De'Aaron Fox 42.90 2023 SAC PG
78%
866 De'Aaron Fox 40.55 2020 SAC PG
78%
961 De'Aaron Fox 39.85 2022 SAC PG
78%
493 DeMar DeRozan 44.08 2022 CHI PF
78%
746 DeMar DeRozan 41.58 2017 TOR SG
78%
785 DeMar DeRozan 41.16 2019 SAS SG
78%
826 DeMar DeRozan 40.82 2021 SAS PF
78%
796 Draymond Green 41.09 2016 GSW PF
78%
291 Jalen Brunson 46.90 2024 NYK PG
78%
799 Jalen Brunson 41.06 2023 NYK PG
78%
632 Mychal Thompson 42.75 1982 POR C
78%
37 Bob Pettit 57.26 1962 STL PF
77%
110 Bob Pettit 51.79 1959 STL PF
77%
153 Bob Pettit 50.24 1960 STL PF
77%
173 Bob Pettit 49.65 1963 STL PF
77%
285 Bob Pettit 47.10 1956 STL C
77%
597 Bob Pettit 43.07 1957 STL C
77%
870 Bob Pettit 40.53 1955 MLH PF
77%
947 Clyde Drexler 39.97 1995 POR,HOU SG
77%
336 Deron Williams 46.11 2011 UTA,NJN PG
77%
408 Deron Williams 45.13 2010 UTA PG
77%
561 Deron Williams 43.38 2012 NJN PG
77%
298 Devin Booker 46.79 2024 PHO PG
77%
395 Devin Booker 45.31 2019 PHO SG
77%
434 Devin Booker 44.84 2020 PHO SG
77%
600 Devin Booker 43.01 2022 PHO SG
77%
627 Gus Williams 42.81 1982 SEA PG
77%
780 Gus Williams 41.24 1983 SEA PG
77%
873 Gus Williams 40.49 1985 WSB PG
77%
242 Jason Kidd 47.92 1999 PHO PG
77%
396 Jason Kidd 45.31 2003 NJN PG
77%
400 Jason Kidd 45.28 1996 DAL PG
77%
495 Jason Kidd 44.07 2002 NJN PG
77%
662 Jason Kidd 42.33 2004 NJN PG
77%
757 Jason Kidd 41.48 2007 NJN PG
77%
898 Jason Kidd 40.32 2005 NJN PG
77%
989 Jason Kidd 39.60 2006 NJN PG
77%
836 Ray Williams 40.74 1980 NYK PG
77%
190 Bob Pettit 49.15 1964 STL PF
76%
154 Dejounte Murray 50.24 2022 SAS PG
76%
656 Dejounte Murray 42.41 2024 ATL SG
76%
423 Deron Williams 45.00 2009 UTA PG
76%
483 Deron Williams 44.21 2008 UTA PG
76%
952 Jamal Murray 39.93 2024 DEN PG
76%
397 Jason Kidd 45.30 2001 PHO PG
76%
484 Jason Kidd 44.18 2000 PHO PG
76%
875 Jason Kidd 40.48 2008 NJN,DAL PG
76%
90 John Havlicek 52.86 1971 BOS SF
76%
377 John Havlicek 45.62 1970 BOS SG
76%
491 John Havlicek 44.09 1973 BOS SF
76%
654 John Havlicek 42.42 1974 BOS SF
76%
440 Paul Pierce 44.77 2006 BOS SF
76%
456 Paul Pierce 44.62 2003 BOS SG
76%
660 Paul Pierce 42.34 2002 BOS SG
76%
690 Paul Pierce 42.01 2004 BOS SG
76%
899 Paul Pierce 40.32 2001 BOS SF
76%
61 Bob Pettit 55.05 1961 STL PF
75%
319 Bob Pettit 46.41 1958 STL PF
75%
988 Dejounte Murray 39.61 2023 ATL SG
75%
828 Gus Williams 40.81 1984 SEA PG
75%
425 Jimmy Butler 44.98 2021 MIA SF
75%
566 Jimmy Butler 43.36 2017 CHI SF
75%
751 Jimmy Butler 41.55 2023 MIA PF
75%
804 Jimmy Butler 41.00 2020 MIA SF
75%
987 Jimmy Butler 39.61 2018 MIN SG
75%
143 John Havlicek 50.63 1972 BOS SF
75%
204 Kevin Love 48.69 2014 MIN PF
75%
439 Kevin Love 44.78 2012 MIN PF
75%
756 Kevin Love 41.49 2011 MIN PF
75%
537 Vince Carter 43.52 2001 TOR SF
74%
915 Vince Carter 40.23 2005 NJN,TOR SF,SG
74%
921 Vince Carter 40.20 2002 TOR SG
74%
741 Anthony Edwards 41.61 2023 MIN SG
73%
792 Dwight Howard 41.13 2009 ORL C
73%
863 Dwight Howard 40.56 2008 ORL C
73%
883 Juwan Howard 40.43 1996 WSB PF
73%
817 Ray Allen 40.91 2007 SEA SG
73%
675 Vince Carter 42.20 2007 NJN SG
73%
713 Vince Carter 41.82 2000 TOR SF
73%
877 Vince Carter 40.46 2006 NJN SG
73%
549 Anthony Edwards 43.44 2024 MIN SG
72%
48 Bob McAdoo 56.22 1975 BUF C
72%
65 Bob McAdoo 54.76 1974 BUF C
72%
167 Bob McAdoo 49.80 1978 NYK C
72%
761 Bob McAdoo 41.40 1979 NYK,BOS PF,C
72%
548 Dwight Howard 43.45 2011 ORL C
72%
192 Tim Hardaway 49.09 1991 GSW PG
72%
802 Tim Hardaway 41.02 1998 MIA PG
72%
458 Victor Wembanyama 44.61 2024 SAS C
72%
428 Andre Miller 44.91 2002 CLE PG
71%
633 Anfernee Hardaway 42.74 1996 ORL PG
71%
734 Anfernee Hardaway 41.65 1995 ORL PG
71%
542 Bob Cousy 43.50 1956 BOS PG
71%
585 Bob Cousy 43.16 1960 BOS PG
71%
623 Bob Cousy 42.85 1955 BOS PG
71%
640 Bob Cousy 42.62 1959 BOS PG
71%
750 Bob Cousy 41.55 1953 BOS PG
71%
759 Bob Cousy 41.45 1952 BOS PG
71%
890 Bob Cousy 40.38 1957 BOS PG
71%
64 Bob McAdoo 54.81 1976 BUF C
71%
296 Bob McAdoo 46.85 1977 NYK,BUF C
71%
576 Donovan Mitchell 43.22 2023 CLE SG
71%
645 Donovan Mitchell 42.58 2021 UTA PG
71%
655 Donovan Mitchell 42.42 2022 UTA SG
71%
639 Dwight Howard 42.65 2012 ORL C
71%
482 Julius Randle 44.22 2023 NYK PF
71%
939 Pau Gasol 40.07 2007 MEM C
71%
102 Rick Barry 51.96 1967 SFW SF
71%
105 Rick Barry 51.89 1975 GSW SF
71%
683 Rick Barry 42.09 1977 GSW SF
71%
815 Rick Barry 40.95 1973 GSW SF
71%
844 Rick Barry 40.69 1966 SFW SF
71%
185 Tim Hardaway 49.31 1992 GSW PG
71%
209 Tim Hardaway 48.61 1993 GSW PG
71%
551 Tim Hardaway 43.44 1995 GSW PG
71%
620 Tim Hardaway 42.85 1997 MIA PG
71%
249 Tyrese Haliburton 47.75 2024 IND PG
71%
401 Alex English 45.28 1982 DEN SF
70%
481 Alex English 44.23 1987 DEN SF
70%
487 Alex English 44.16 1984 DEN SF
70%
503 Alex English 43.96 1986 DEN SF
70%
508 Alex English 43.89 1985 DEN SF
70%
755 Alex English 41.49 1981 DEN SF
70%
831 Alex English 40.79 1989 DEN SF
70%
913 Alex English 40.25 1988 DEN SF
70%
510 Blake Griffin 43.87 2019 DET PF
70%
543 Blake Griffin 43.49 2011 LAC PF
70%
590 Blake Griffin 43.10 2014 LAC PF
70%
752 Blake Griffin 41.54 2015 LAC PF
70%
769 Blake Griffin 41.33 2018 LAC,DET PF
70%
823 Blake Griffin 40.85 2017 LAC PF
70%
161 DeMarcus Cousins 49.90 2017 SAC,NOP C
70%
282 DeMarcus Cousins 47.14 2015 SAC C
70%
596 DeMarcus Cousins 43.08 2014 SAC C
70%
260 Julius Randle 47.48 2021 NYK PF
70%
742 Julius Randle 41.60 2022 NYK PF
70%
801 Pau Gasol 41.03 2006 MEM PF
70%
310 Rick Barry 46.58 1974 GSW SF
70%
674 Rick Barry 42.20 1976 GSW SF
70%
694 Rick Barry 41.98 1978 GSW SF
70%
966 Tony Parker 39.82 2009 SAS PG
70%
221 Alex English 48.33 1983 DEN SF
69%
372 Bill Walton 45.71 1978 POR C
69%
438 Bill Walton 44.78 1977 POR C
69%
175 Chris Webber 49.63 2001 SAC PF
69%
262 Chris Webber 47.45 2000 SAC PF
69%
277 Chris Webber 47.22 2002 SAC PF
69%
584 Chris Webber 43.18 1997 WSB PF
69%
657 Chris Webber 42.39 1998 WAS C
69%
668 Chris Webber 42.28 1995 WSB PF
69%
334 Derrick Rose 46.15 2011 CHI PG
69%
622 Kyle Lowry 42.85 2017 TOR PG
69%
775 Kyle Lowry 41.29 2016 TOR PG
69%
778 Kyle Lowry 41.24 2020 TOR PG
69%
216 Billy Cunningham 48.38 1970 PHI SF
68%
457 Billy Cunningham 44.61 1969 PHI PF
68%
472 Billy Cunningham 44.38 1971 PHI SF
68%
781 Billy Cunningham 41.24 1975 PHI SF
68%
581 Cade Cunningham 43.21 2024 DET PG
68%
788 Chris Bosh 41.14 2010 TOR C
68%
901 Chris Bosh 40.30 2007 TOR C
68%
999 Chris Bosh 39.52 2009 TOR C
68%
273 Chris Webber 47.28 2003 SAC PF
68%
447 Chris Webber 44.74 1999 SAC PF
68%
900 Chris Webber 40.31 2005 SAC,PHI PF
68%
241 DeMarcus Cousins 47.94 2016 SAC C
68%
348 Dominique Wilkins 45.94 1986 ATL SF
68%
498 Dominique Wilkins 44.03 1987 ATL SF
68%
514 Dominique Wilkins 43.84 1991 ATL SF
68%
887 Dominique Wilkins 40.40 1990 ATL SF
68%
207 George Mikan 48.62 1951 MNL C
68%
559 George Mikan 43.39 1952 MNL C
68%
512 Kevin McHale 43.86 1987 BOS PF
68%
499 LaMelo Ball 44.00 2022 CHO PG
68%
557 Zach LaVine 43.40 2021 CHI SG
68%
842 Zach LaVine 40.72 2020 CHI SF
68%
578 Zion Williamson 43.21 2021 NOP PF
68%
871 Zion Williamson 40.50 2024 NOP PF
68%
272 Billy Cunningham 47.31 1972 PHI SF
67%
435 Dominique Wilkins 44.83 1988 ATL SF
67%
469 Dominique Wilkins 44.42 1993 ATL SF
67%
753 Dominique Wilkins 41.52 1985 ATL SF
67%
869 Dominique Wilkins 40.54 1989 ATL SF
67%
351 George Gervin 45.91 1980 SAS SG
67%
534 George Gervin 43.53 1982 SAS SG
67%
612 George Gervin 42.89 1979 SAS SF
67%
636 George Gervin 42.71 1978 SAS SG
67%
892 George Gervin 40.37 1981 SAS SG
67%
997 George Gervin 39.53 1983 SAS SG
67%
839 George Mikan 40.73 1953 MNL C
67%
638 Lenny Wilkens 42.68 1971 SEA PG
67%
705 Lenny Wilkens 41.88 1968 STL PG
67%
800 Lenny Wilkens 41.04 1970 SEA PG
67%
407 Pascal Siakam 45.17 2023 TOR PF
67%
517 Pascal Siakam 43.79 2022 TOR PF
67%
416 Lenny Wilkens 45.05 1969 SEA PG
66%
707 Lenny Wilkens 41.87 1973 CLE PG
66%
766 Lenny Wilkens 41.35 1972 SEA PG
66%
917 Rajon Rondo 40.22 2010 BOS PG
66%
547 Tyrese Maxey 43.46 2024 PHI PG
66%
719 Antoine Walker 41.76 1998 BOS PF
65%
218 Elvin Hayes 48.37 1970 SDR C
65%
224 Elvin Hayes 48.28 1969 SDR C
65%
258 Elvin Hayes 47.53 1974 CAP PF
65%
323 Elvin Hayes 46.34 1972 HOU C
65%
515 Elvin Hayes 43.83 1977 WSB PF
65%
965 Elvin Hayes 39.83 1978 WSB PF
65%
539 Kemba Walker 43.50 2019 CHO PG
65%
979 Neal Walk 39.69 1973 PHO C
65%
540 Rajon Rondo 43.50 2013 BOS PG
65%
563 Rajon Rondo 43.38 2016 SAC PG
65%
693 Rajon Rondo 41.98 2012 BOS PG
65%
975 Rajon Rondo 39.74 2011 BOS PG
65%
382 Antoine Walker 45.53 2001 BOS PF
64%
601 Antoine Walker 42.99 2002 BOS PF
64%
166 Elvin Hayes 49.80 1971 SDR C
64%
466 Elvin Hayes 44.49 1975 WSB PF
64%
850 Elvin Hayes 40.66 1979 WSB PF
64%
903 Elvin Hayes 40.30 1980 WSB PF
64%
949 Wes Unseld 39.96 1970 BAL C
64%
847 Bam Adebayo 40.67 2021 MIA C
63%
995 Bam Adebayo 39.54 2024 MIA C
63%
406 Chris Mullin 45.17 1989 GSW SF
63%
691 Chris Mullin 42.00 1991 GSW SF
63%
767 Chris Mullin 41.35 1990 GSW SF
63%
793 Chris Mullin 41.12 1992 GSW SF
63%
494 Jrue Holiday 44.07 2019 NOP SG
63%
848 Jrue Holiday 40.67 2023 MIL PG
63%
950 Jrue Holiday 39.96 2013 PHI PG
63%
976 Jrue Holiday 39.72 2020 NOP SG
63%
678 Mark Jackson 42.16 1988 NYK PG
63%
820 Mark Jackson 40.89 1989 NYK PG
63%
711 Randy Smith 41.83 1978 BUF SG
63%
858 Randy Smith 40.60 1976 BUF SG
63%
830 Stephen Jackson 40.80 2009 GSW SF
63%
571 Walt Frazier 43.27 1970 NYK PG
63%
580 Walt Frazier 43.21 1974 NYK PG
63%
703 Walt Frazier 41.90 1971 NYK PG
63%
758 Walt Frazier 41.47 1972 NYK PG
63%
912 Walt Frazier 40.26 1973 NYK PG
63%
983 Walt Frazier 39.65 1969 NYK PG
63%
562 Ben Simmons 43.38 2019 PHI PG
62%
953 Brandon Ingram 39.90 2020 NOP PF
62%
982 Brandon Ingram 39.66 2021 NOP SF
62%
673 Walt Frazier 42.21 1975 NYK PG
62%
977 Walt Frazier 39.71 1976 NYK PG
62%
951 Yao Ming 39.95 2008 HOU C
62%
619 Ben Simmons 42.86 2020 PHI PG
61%
624 Ben Simmons 42.84 2018 PHI PG
61%
833 Amar'e Stoudemire 40.78 2005 PHO C
60%
928 Amar'e Stoudemire 40.14 2008 PHO C
60%
764 LaMarcus Aldridge 41.38 2014 POR PF
60%
471 Nikola Vucevic 44.39 2021 ORL,CHI C
60%
642 Nikola Vucevic 42.61 2019 ORL C
60%
760 Amar'e Stoudemire 41.44 2011 NYK C
59%
552 Damon Stoudamire 43.43 1997 TOR PG
59%
565 Damon Stoudamire 43.36 1996 TOR PG
59%
287 Gilbert Arenas 47.04 2007 WAS PG
59%
649 Gilbert Arenas 42.50 2005 WAS PG
59%
433 Grant Hill 44.85 1998 DET SF
59%
443 Grant Hill 44.76 2000 DET SF
59%
666 Grant Hill 42.30 1999 DET SF
59%
904 Willis Reed 40.29 1969 NYK C
59%
255 Bernard King 47.64 1985 NYK SF
58%
530 Bernard King 43.63 1991 WSB SF
58%
865 Bernard King 40.56 1978 NJN SF
58%
967 Chauncey Billups 39.80 2006 DET PG
58%
275 Gilbert Arenas 47.25 2006 WAS PG
58%
270 Grant Hill 47.36 1997 DET SF
58%
381 Grant Hill 45.56 1996 DET SF
58%
611 Scottie Barnes 42.90 2024 TOR SG
58%
993 Willis Reed 39.54 1970 NYK C
58%
615 Adrian Dantley 42.87 1986 UTA SF
56%
628 Adrian Dantley 42.81 1980 UTA SF
56%
888 Adrian Dantley 40.40 1985 UTA SF
56%
538 Darius Garland 43.51 2022 CLE PG
56%
782 Darius Garland 41.23 2023 CLE PG
56%
213 Pete Maravich 48.45 1977 NOJ SG
56%
333 Pete Maravich 46.18 1978 NOJ SG
56%
453 Pete Maravich 44.70 1974 ATL SG
56%
474 Pete Maravich 44.32 1973 ATL SG
56%
583 Pete Maravich 43.19 1976 NOJ SG
56%
812 Pete Maravich 40.96 1975 NOJ SG
56%
23 Tiny Archibald 59.53 1973 KCO PG
56%
176 Tiny Archibald 49.59 1972 CIN PG
56%
409 Tiny Archibald 45.12 1976 KCK PG
56%
477 Tiny Archibald 44.29 1975 KCO PG
56%
303 Adrian Dantley 46.65 1981 UTA SF
55%
426 Adrian Dantley 44.95 1984 UTA SF
55%
720 Andre Drummond 41.75 2020 DET,CLE C
55%
345 Adrian Dantley 46.02 1982 UTA SF
54%
714 Alonzo Mourning 41.81 1996 MIA C
54%
924 Andre Drummond 40.17 2018 DET C
54%
893 Fred VanVleet 40.35 2022 TOR PG
53%
935 Fred VanVleet 40.09 2023 TOR PG
53%
996 Fred VanVleet 39.53 2024 HOU PG
53%
897 Mark Price 40.32 1989 CLE PG
53%
610 Mark Price 42.90 1990 CLE PG
52%
631 Monta Ellis 42.75 2010 GSW SG
51%
777 Monta Ellis 41.26 2011 GSW SG
51%
723 Paolo Banchero 41.73 2024 ORL PF
51%
821 Shawn Marion 40.88 2006 PHO PF
51%
533 Elton Brand 43.56 2006 LAC PF
50%
938 Elton Brand 40.07 2004 LAC PF
50%
301 Kevin Porter 46.71 1979 DET PG
50%
973 Kevin Porter 39.76 1978 NJN,DET PG
50%
588 Terry Porter 43.11 1989 POR PG
50%
715 Terry Porter 41.80 1988 POR PG
50%
798 Terry Porter 41.06 1990 POR PG
50%
206 Bob Lanier 48.63 1974 DET C
49%
212 Bob Lanier 48.47 1975 DET C
49%
342 Bob Lanier 46.05 1972 DET C
49%
387 Bob Lanier 45.46 1978 DET C
49%
411 Bob Lanier 45.09 1973 DET C
49%
658 Bob Lanier 42.36 1976 DET C
49%
399 Dolph Schayes 45.29 1958 SYR PF
49%
570 Dolph Schayes 43.29 1961 SYR PF
49%
626 Dolph Schayes 42.82 1957 SYR PF
49%
680 Dolph Schayes 42.13 1960 SYR PF
49%
664 Alperen Sengun 42.32 2024 HOU C
48%
379 Artis Gilmore 45.57 1979 CHI C
48%
994 Artis Gilmore 39.54 1977 CHI C
48%
304 Bob Lanier 46.64 1977 DET C
48%
300 Dave Cowens 46.75 1975 BOS C
48%
389 Dave Cowens 45.38 1976 BOS C
48%
910 Dave Cowens 40.28 1972 BOS C
48%
814 Dolph Schayes 40.95 1951 SYR
48%
986 Dolph Schayes 39.61 1959 SYR PF
48%
410 Artis Gilmore 45.11 1978 CHI C
47%
346 Dave Cowens 45.99 1974 BOS C
47%
431 Dave Cowens 44.87 1973 BOS C
47%
504 Dave Cowens 43.95 1978 BOS C
47%
527 Latrell Sprewell 43.69 1997 GSW SG
46%
220 Nate Thurmond 48.34 1969 SFW C
46%
417 Nate Thurmond 45.05 1967 SFW C
46%
556 Nate Thurmond 43.40 1972 GSW C
46%
779 Nate Thurmond 41.24 1973 GSW C
46%
943 Nate Thurmond 40.04 1971 SFW C
46%
667 Alvan Adams 42.29 1976 PHO C
44%
80 Michael Adams 53.74 1991 DEN PG
44%
955 Mitch Richmond 39.90 1997 SAC SG
44%
716 Paul Arizin 41.80 1952 PHW SF
44%
554 Stephon Marbury 43.41 1999 NJN,MIN PG
43%
573 Stephon Marbury 43.27 2001 NJN PG
43%
603 Stephon Marbury 42.94 2004 NYK,PHO PG
43%
805 Stephon Marbury 41.00 2002 PHO PG
43%
906 Devin Harris 40.29 2009 NJN PG
42%
981 Sidney Moncrief 39.67 1985 MIL PG
42%
505 Stephon Marbury 43.93 2000 NJN PG
42%
572 Stephon Marbury 43.27 2003 PHO PG
42%
644 Stephon Marbury 42.60 2005 NYK PG
42%
449 Dave Bing 44.72 1968 DET PG
40%
646 Dave Bing 42.52 1969 DET PG
40%
740 Dave Bing 41.61 1973 DET PG
40%
763 Dave Bing 41.38 1971 DET PG
40%
240 Fat Lever 47.94 1989 DEN SG
40%
305 Fat Lever 46.63 1987 DEN PG
40%
383 Fat Lever 45.52 1988 DEN SG
40%
604 Fat Lever 42.94 1990 DEN SG
40%
731 Sam Cassell 41.67 2000 MIL PG
40%
857 Sam Cassell 40.61 1998 NJN PG
40%
53 Walt Bellamy 55.89 1962 CHP C
40%
157 Walt Bellamy 50.10 1963 CHZ C
40%
489 Walt Bellamy 44.11 1965 BAL C
40%
963 Dave Bing 39.84 1975 DET PG
39%
832 David Lee 40.79 2010 NYK C
39%
359 Jerry Stackhouse 45.83 2001 DET SG
39%
811 Ralph Sampson 40.96 1985 HOU PF
39%
941 Ralph Sampson 40.05 1986 HOU PF
39%
598 Steve Francis 43.07 2002 HOU PG
39%
706 Steve Francis 41.88 2001 HOU PG
39%
712 Steve Francis 41.83 2003 HOU PG
39%
281 Walt Bellamy 47.15 1964 BAL C
39%
475 Walt Bellamy 44.30 1966 NYK,BAL C
39%
234 Jerry Lucas 47.99 1966 CIN PF
38%
307 Jerry Lucas 46.61 1968 CIN PF
38%
978 John Lucas 39.71 1979 GSW PG
38%
608 Steve Francis 42.91 2005 ORL PG
38%
861 Tom Chambers 40.58 1990 PHO PF
38%
331 Jerry Lucas 46.20 1965 CIN PF
37%
424 Jerry Lucas 44.99 1969 CIN PF
37%
544 Jerry Lucas 43.47 1967 CIN PF
37%
663 Jerry Lucas 42.33 1971 SFW PF
37%
905 Jerry Lucas 40.29 1964 CIN PF
37%
361 Mark Aguirre 45.78 1984 DAL SF
37%
918 Mark Aguirre 40.21 1983 DAL SF
37%
360 Micheal Ray Richardson 45.82 1980 NYK SG
37%
403 Micheal Ray Richardson 45.23 1985 NJN PG
37%
647 Micheal Ray Richardson 42.52 1981 NYK SG
37%
710 Micheal Ray Richardson 41.85 1982 NYK PG
37%
735 Tom Chambers 41.64 1989 PHO PF
37%
959 Carlos Boozer 39.85 2007 UTA PF
36%
927 Gary Grant 40.16 1990 LAC PG
36%
739 Jack Sikma 41.61 1982 SEA C
36%
884 Jack Sikma 40.43 1984 SEA C
36%
934 Jack Sikma 40.09 1985 SEA C
36%
990 Mark Aguirre 39.60 1988 DAL SF
36%
916 Pooh Richardson 40.23 1991 MIN PG
36%
829 Brad Daugherty 40.80 1991 CLE C
35%
841 Brad Daugherty 40.72 1993 CLE C
35%
876 Gail Goodrich 40.46 1974 LAL SG
35%
524 World B. Free 43.71 1980 SDC SG
35%
577 World B. Free 43.22 1979 SDC PG
35%
867 Dan Issel 40.55 1978 DEN C
34%
797 Derrick Coleman 41.08 1994 NJN PF
34%
689 Gail Goodrich 42.02 1969 PHO PG
34%
998 Maurice Cheeks 39.52 1986 PHI PG
34%
768 Michael Finley 41.34 2000 DAL SF
34%
806 Brad Daugherty 41.00 1992 CLE C
33%
688 Derrick Coleman 42.03 1993 NJN PF
33%
944 Derrick Coleman 40.00 1995 NJN PF
33%
940 Victor Oladipo 40.07 2018 IND SG
33%
771 Larry Nance 41.32 1987 PHO PF
32%
885 Eric Bledsoe 40.42 2017 PHO PG
30%
985 Kevin Willis 39.63 1992 ATL PF
30%
335 Rod Strickland 46.14 1998 WAS PG
30%
541 Rod Strickland 43.50 1995 POR PG
30%
685 Rod Strickland 42.07 1999 WAS PG
30%
709 Rod Strickland 41.85 1994 POR PG
30%
816 Rod Strickland 40.93 1997 WSB PG
30%
697 Detlef Schrempf 41.94 1993 IND PF
29%
736 Kiki Vandeweghe 41.63 1984 DEN PF
29%
502 Rod Strickland 43.97 1996 POR PG
29%
827 Ron Harper 40.82 1987 CLE SG
29%
957 Shareef Abdur-Rahim 39.88 1999 VAN SF
29%
840 Terry Cummings 40.72 1985 MIL PF
29%
945 Calvin Murphy 40.00 1976 HOU PG
28%
991 Calvin Murphy 39.59 1974 HOU PG
28%
922 Jamal Mashburn 40.17 2003 NOH SF
27%
969 Jamal Mashburn 39.79 2001 CHH SF
27%
507 Kenny Anderson 43.91 1994 NJN PG
27%
378 Spencer Haywood 45.59 1974 SEA PF
27%
602 Spencer Haywood 42.96 1972 SEA PF
27%
681 Terry Cummings 42.13 1983 SDC PF
27%
722 Charlie Scott 41.73 1973 PHO PG
26%
745 Kenny Anderson 41.58 1995 NJN PG
26%
653 Richie Guerin 42.46 1961 NYK SG
26%
772 Richie Guerin 41.30 1960 NYK SG
26%
276 Spencer Haywood 47.25 1973 SEA PF
26%
980 Doc Rivers 39.69 1988 ATL PG
25%
525 Neil Johnston 43.69 1955 PHW C
25%
699 Neil Johnston 41.91 1953 PHW C
25%
795 Neil Johnston 41.10 1957 PHW C
25%
808 Neil Johnston 40.99 1956 PHW C
25%
168 Richie Guerin 49.77 1962 NYK SG
25%
789 Neil Johnston 41.14 1954 PHW C
24%
895 Ty Lawson 40.34 2014 DEN PG
24%
448 Connie Hawkins 44.73 1970 PHO SF
23%
926 Lou Hudson 40.16 1973 ATL SF
23%
728 Mookie Blaylock 41.68 1994 ATL PG
23%
902 Mookie Blaylock 40.30 1995 ATL PG
23%
616 Reggie Theus 42.87 1986 SAC SG
23%
783 Reggie Theus 41.23 1983 CHI PG
23%
732 Rudy Tomjanovich 41.66 1974 HOU SF
23%
605 Norm Nixon 42.93 1984 SDC PG
22%
862 Norm Nixon 40.57 1979 LAL PG
22%
984 Norm Nixon 39.63 1981 LAL PG
22%
661 Reggie Theus 42.33 1987 SAC PG
22%
879 Terrell Brandon 40.45 2000 MIN PG
22%
237 George McGinnis 47.96 1976 PHI PF
20%
518 George McGinnis 43.76 1979 DEN PF
20%
891 George McGinnis 40.37 1978 PHI PF
20%
911 Paul Westphal 40.26 1978 PHO SG
20%
882 Anthony Mason 40.44 1997 CHH PF
19%
592 Bailey Howell 43.09 1961 DET PF
19%
933 Bailey Howell 40.09 1963 DET SF
19%
651 Billy Knight 42.47 1977 IND SF
19%
589 George McGinnis 43.10 1977 PHI PF
19%
290 Jack Twyman 46.96 1960 CIN SF
19%
849 Jack Twyman 40.67 1959 CIN SF
19%
846 Paul Westphal 40.68 1979 PHO SG
19%
446 Sleepy Floyd 44.74 1987 GSW PG
19%
794 Sleepy Floyd 41.12 1986 GSW PG
19%
460 Archie Clark 44.57 1972 BAL,PHI PG
18%
786 George Yardley 41.15 1958 DET SF
18%
825 Larry Hughes 40.84 2005 WAS SG
18%
907 Tom Gugliotta 40.28 1997 MIN PF
18%
878 Joe Barry Carroll 40.46 1983 GSW C
16%
843 Kelly Tripucka 40.71 1983 DET SF
16%
545 Cliff Hagan 43.47 1960 STL SF
15%
762 Cliff Hagan 41.39 1959 STL SF
15%
770 Cliff Hagan 41.32 1961 STL SF
15%
837 Cliff Hagan 40.74 1962 STL SF
15%
394 Guy Rodgers 45.33 1966 SFW SG
15%
971 Guy Rodgers 39.77 1963 SFW PG
15%
550 Norm Van Lier 43.44 1971 CIN SG
15%
452 Guy Rodgers 44.70 1967 CHI PG
14%
813 Purvis Short 40.96 1985 GSW SF
14%
936 Clyde Lovellette 40.08 1956 MNL C
13%
822 Dana Barros 40.87 1995 PHI PG
13%
964 Purvis Short 39.83 1986 GSW SF
13%
665 Sidney Wicks 42.31 1974 POR PF
13%
730 Sidney Wicks 41.67 1975 POR PF
13%
872 Gene Shue 40.50 1961 DET PG
12%
246 Maurice Stokes 47.84 1958 CIN PF
12%
671 Maurice Stokes 42.25 1957 ROC PF
12%
373 Sidney Wicks 45.70 1973 POR PF
12%
463 Sidney Wicks 44.54 1972 POR PF
12%
607 Maurice Stokes 42.91 1956 ROC C
11%
725 Willie Naulls 41.71 1962 NYK SF
11%
749 Willie Naulls 41.56 1961 NYK SF
11%
972 Willie Naulls 39.77 1960 NYK SF
11%
809 Larry Drew 40.97 1983 KCK PG
10%
856 Pervis Ellison 40.62 1992 WSB C
10%
919 Sherman Douglas 40.21 1991 MIA PG
10%
480 Jeff Ruland 44.25 1984 WSB C
9%
851 Walt Hazzard 40.66 1968 SEA PG
9%
909 Johnny Moore 40.28 1985 SAS PG
8%
670 Larry Kenon 42.27 1979 SAS PF
8%
701 Larry Kenon 41.91 1977 SAS PF
8%
946 Sam Lacey 40.00 1975 KCO C
8%
992 Ricky Sobers 39.54 1978 IND PG
6%
923 Clem Haskins 40.17 1970 CHI SG
5%
920 Bob Kauffman 40.21 1971 BUF C
4%
No matching quizzes found
Score Distribution
Percent of People with Each Score
Percentile by Number Answered
Your Score History
You have not taken this quiz since the last reset